000 00311nam a2200121Ia 4500
008 150731s2013 xx 000 0 und d
082 _a615.538
_bS 13 P
100 _aPATIL VAIDYA VASANT
245 _aSNEHANA THAREPY IN AYURVEDA
260 _bCHAUKHAMBHA PUB. NEW DELHI
_c2013
300 _a200
942 _2ddc
_cBK
999 _c7697
_d7697